LEADER 01336nam a2200277 i 4500 001 000000153753 003 CaOOAMICUS 005 20070102000000.0 008 070102s2005 it u000 u ita u 013 $a131096 020 $a88-348-5698-8 040 $aSeMil$bita 100 1 $aLegendre, Pierre,$d<1930- >.$0(OLS)http://semarc/name/57447 240 10$aDe la société comme texte.$0(OLS)http://semarc/title/224940 245 10$aDella società come testo :$blineamenti di un'antropologia dogmatica /$cPierre Legendre ; a cura di Paolo Heritier ; [trad. di Elisa Scattolini, Paolo Heritier]. 260 $aTorino :$bGiappichelli,$c[2005] 300 $a250 p., [1] c. di tav. ripieg. :$bill. ;$c22 cm. 650 4$aAntropologia dogmatica.$0(OLS)http://semarc/subject/30065 700 1 $aScattolini, Elisa.$0(OLS)http://semarc/name/60179 700 1 $aHeritier, Paolo.$0(OLS)http://semarc/name/13215 850 $aSeMil 852 $aSeMil$W1$xVenegono$y1$m2P IV 645$j105642$B105642$CSeMilBibl$Z2$F114832 $81 961 $aAcquisto: L.S. srl 996 $6020$a88-348-5698-8$9(OLS)http://semarc/number/143599 996 $6245$aDella società come testo :$blineamenti di un'antropologia dogmatica$9(OLS)http://semarc/title/224939 996 $6260$aTorino :$bGiappichelli$9(OLS)http://semarc/publisher/31793 LEADER 01065nam a2200253 i 4500 001 000000139891 003 CaOOAMICUS 005 20050601000000.0 008 050601s1966 it u000 u ita u 013 $a114024 040 $aSeMil$bita 100 1 $aDal Lago, Adalberto.$0(OLS)http://semarc/name/56417 245 10$aVille moderne /$ctesto di Adalberto Dal Lago. 260 $aMilano :$bFratelli Fabbri Editori,$ccopyr. 1966. 300 $a157 p. :$briccamente ill. ;$c19 cm. 490 0 $aElite : le arti e gli stili in ogni tempo e paese ;$v42 500 $aContiene : Bibliografia. 650 4$aVille - Sec. 20.$0(OLS)http://semarc/subject/27515 830 0$aElite : le arti e gli stili in ogni tempo e paese ;$v42.$0(OLS)http://semarc/title/18137 850 $aSeMil 852 $aSeMil$W1$xVenegono$y1$m5O I 41$j93281$B93281$CSeMilBibl$Z2$F98608 $81 961 $aOmaggio: Pelizzi Carla ved. Ferrari 996 $6245$aVille moderne$9(OLS)http://semarc/title/204366 996 $6260$aMilano :$bFratelli Fabbri Editori$9(OLS)http://semarc/publisher/29845